| 000 | 00367nam a22001337a 4500 | ||
|---|---|---|---|
| 008 | 250325b |||||||| |||| 00| 0 eng d | ||
| 020 | _a9780232206 | ||
| 050 |
_aPN8821 _b.O36 |
||
| 100 | _aOGUNDIPE Molara Prof. | ||
| 245 | _aIndigenous and Contemporary Gender Concepts and Issues in Africa | ||
| 260 |
_aLagos _bMalthouse Press _c2007 |
||
| 300 | _a53p. | ||
| 942 | _cBK | ||
| 999 |
_c2698 _d2698 |
||